[Event "2024 World Open U2000"]
[Site "?"]
[Date "2024.07.04"]
[Round "3"]
[White "Rafael Palathingal"]
[Black "Zerui Titus Mei"]
[Result "1-0"]
[BlackElo "1723"]
[BlackUrl ""]
[BlackCountry "US"]
[BlackTitle ""]
[WhiteElo "1843"]
[WhiteUrl ""]
[WhiteCountry "US"]
[WhiteTitle ""]

1. d4 Nf6 2. Nf3 e6 3. c4 c5 4. d5 exd5 5. cxd5 d6 6. Nc3 g6 7. e4 Bg7 8. Bd3 a6
9. a4 O-O 10. O-O Re8 11. Bf4 Qc7 12. Re1 Nbd7 13. Bc4 Rb8 14. e5 Nh5 15. exd6
Qd8 16. Bg5 f6 17. Be3 Bf8 18. Qc2 b6 19. Rad1 Ne5 20. Nxe5 Rxe5 21. d7 Bxd7 22.
Bxa6 Ra8 23. Bb5 Ng7 24. Bf4 Re8 25. d6 Nf5 26. Rxe8 Qxe8 27. Nd5 Kg7 28. Nc7
Qd8 29. Bxd7 Qxd7 30. Nxa8 Nd4 31. Rxd4 1-0

[Event "World Open U2000"]
[Site "?"]
[Date "2024.07.05"]
[Round "4"]
[White "Rafael Palathingal"]
[Black "Zachary Garden"]
[Result "0-1"]
[BlackElo "1865"]
[WhiteElo "1843"]
[WhiteUrl ""]
[WhiteCountry "US"]
[WhiteTitle ""]
[Termination "White Won by resignation"]

1. d4 Nf6 2. Nf3 g6 3. c4 Bg7 4. Nc3 O-O 5. e4 d6 6. Be2 e5 7. d5 (7. O-O Nc6 8.
d5 Ne7 9. b4 (9. Ne1) (9. a3) (9. Bd2) (9. Rb1) (9. Bg5) (9. Be3) (9. Qc2) (9.
h3)) 7... Nbd7 8. O-O Nc5 9. Qc2 a5 10. Be3 b6 11. b3 Ne8 12. a3 f5 13. b4 Nxe4
14. Nxe4 fxe4 15. Nd2 Nf6 16. Bg5 Bf5 17. Bxf6 Qxf6 18. Nxe4 Bxe4 19. Qxe4 axb4
20. axb4 Rxa1 21. Rxa1 Qxf2+ 22. Kh1 Rf4 23. Qd3 e4 24. Ra8+ Kf7 25. Qd1 Be5 26.
Rc8 Rh4 27. Rxc7+ Kf6 28. Qg1 Rxh2+ 29. Qxh2 Bxh2 30. Kxh2 {[%c_effect
f6;square;f6;type;Winner,h2;square;h2;type;ResignWhite]} 0-1

[Event "2024 World Open U2000"]
[Site "?"]
[Date "2024.07.05"]
[Round "5"]
[White "Audrey Keyan Li"]
[Black "Rafael Palathingal"]
[Result "1/2-1/2"]
[WhiteElo "1746"]
[WhiteUrl ""]
[WhiteCountry ""]
[WhiteTitle ""]
[BlackElo "1843"]
[BlackUrl ""]
[BlackCountry "US"]
[BlackTitle ""]

1. e4 e5 2. Nf3 Nc6 3. Bb5 a6 4. Ba4 Nf6 5. Nc3 b5 6. Bb3 Bc5 7. d3 d6 8. h3 h6
9. a4 Rb8 10. O-O O-O 11. axb5 axb5 12. Nd5 Be6 13. c3 Bxd5 14. Bxd5 Nxd5 15.
exd5 Ne7 16. d4 exd4 17. Nxd4 Qd7 18. Ne2 Qf5 19. Nf4 Ng6 20. Nxg6 fxg6 21. Be3
Bxe3 22. fxe3 Qe5 23. Rxf8+ Rxf8 24. Qd3 Rf5 25. e4 Rf4 26. Re1 b4 27. Re2 bxc3
28. bxc3 Qf6 29. Qe3 Rf1+ 30. Kh2 Qe5+ 31. g3 g5 32. Re1 Rf7 33. Kg2 Qf6 34. Rc1
h5 35. Qe2 Qe5 36. Qe3 Qf6 37. Qe2 h4 38. Qe3 Qe5 39. g4 Qf6 40. Re1 Qe5 41. Re2
Re7 42. Re1 c6 43. dxc6 d5 44. c7 Qxc7 45. e5 Qc6 46. Qd4 Rc7 47. Re3 Qc4
1/2-1/2

[Event "2024 World Open U2000"]
[Site "?"]
[Date "2024.07.06"]
[Round "6"]
[White "Abinav Uthaman"]
[Black "Rafael Palathingal"]
[Result "1/2-1/2"]
[WhiteElo "1742"]
[WhiteUrl ""]
[WhiteCountry ""]
[WhiteTitle ""]
[BlackUrl ""]
[BlackCountry "US"]
[BlackTitle ""]
[BlackElo "1843"]
[Termination "Draw by Agreement"]

1. d4 d5 2. Nf3 Nf6 3. Bf4 c5 4. e3 Nc6 5. Nbd2 Bf5 6. dxc5 e6 7. b4 a5 8. c3
axb4 9. cxb4 Nxb4 10. Bb5+ Nd7 11. Ne5 Nc6 12. Nxc6 bxc6 13. Bxc6 Rc8 14. Qa4
Bxc5 15. Rc1 e5 16. Bxe5 O-O 17. Bg3 Qe7 18. O-O Ba3 19. Rcd1 Nb6 20. Qb5 Qb4
21. Nb3 Be6 22. Qxb4 Bxb4 23. Nd4 Bc3 24. Bb5 Ra8 25. Nxe6 fxe6 26. Rc1 Rfc8 27.
Rc2 Bf6 28. Rfc1 Rxc2 29. Rxc2 Nc4 30. a4 Na3 31. Rc1 Bb2 32. Rd1 Ra5 33. Bd6
Nxb5 34. axb5 Rxb5 35. Rb1 Ra5 36. g4 Ra1 37. Rxa1 Bxa1 38. Kg2 Kf7 39. Kf3 Bf6
40. h3 Kg6 41. Kf4 h5 42. Be5 hxg4 43. hxg4 Bh4 44. Kf3 Kf7 45. Ke2 Be7 46. Kf3
g6 47. e4 dxe4+ 48. Kxe4 Bd8 49. f4 g5 50. f5 Be7 1/2-1/2

[Event "World Open U2000"]
[Site "?"]
[Date "2024.07.06"]
[Round "7"]
[White "Rafael Palathingal"]
[Black "Nathan Eric Ehrenberg"]
[Result "1-0"]
[WhiteElo "1843"]
[WhiteUrl ""]
[WhiteCountry "US"]
[WhiteTitle ""]
[BlackElo "1650"]
[BlackUrl ""]
[BlackCountry "US"]
[BlackTitle ""]

1. d4 Nf6 2. Nf3 g6 3. c4 Bg7 4. Nc3 d5 5. cxd5 Nxd5 6. e4 Nxc3 7. bxc3 c5 8.
Be3 O-O 9. Be2 Nc6 10. O-O Bg4 11. d5 Bxf3 12. Bxf3 Ne5 13. Bxc5 Qc7 14. Bd4
Nxf3+ 15. Qxf3 e5 16. Be3 Qxc3 17. Bg5 Qxf3 18. gxf3 f5 19. Rac1 Rf7 20. Rfd1
Bf8 21. f4 h6 22. fxe5 hxg5 23. e6 Rh7 24. e5 Bb4 25. d6 b6 26. e7 Rxe7 27. dxe7
Bxe7 28. Rc7 Bc5 29. Rdd7 Re8 30. Rxa7 Kf8 31. Rf7+ Kg8 32. Rg7+ Kh8 33. Rxg6
Rxe5 34. Rxg5 Re1+ 35. Kg2 f4 36. Rf5 Re4 37. Kf3 Re1 38. Rxf4 Rh1 39. Re4 1-0

[Event "2024 World Open U2000"]
[Site "?"]
[Date "2024.07.07"]
[Round "8"]
[White "Jose R Melendez"]
[Black "Rafael Palathingal"]
[Result "0-1"]
[WhiteElo "1884"]
[WhiteUrl ""]
[WhiteCountry "US"]
[WhiteTitle ""]
[BlackElo "1843"]
[BlackUrl ""]
[BlackCountry "US"]
[BlackTitle ""]
[Termination ""]

1. e4 e5 2. Nf3 Nc6 3. d4 exd4 4. Bc4 Nf6 5. e5 d5 6. Bb5 Ne4 7. Nxd4 Bc5 8. Be3
O-O 9. Nxc6 bxc6 10. Bxc5 Nxc5 11. Bxc6 Rb8 12. Qxd5 Qxd5 13. Bxd5 Rxb2 14. Na3
Be6 15. Bb3 Rd8 16. Ke2 Bxb3 17. axb3 Nxb3 18. Rhd1 Nd4+ 19. Ke3 c5 20. c3 Rb3
21. Rd3 Rxa3 22. cxd4 Rxa1 0-1

[Event "2024 World Open U2000"]
[Site "?"]
[Date "2024.07.07"]
[Round "9"]
[White "Rafael Palathingal"]
[Black "Daniel Benji Yang"]
[Result "0-1"]
[BlackElo "1817"]
[BlackUrl ""]
[BlackCountry "US"]
[BlackTitle ""]
[WhiteElo "1843"]
[WhiteUrl ""]
[WhiteCountry "US"]
[WhiteTitle ""]

1. d4 Nf6 2. c4 e6 3. Nf3 d5 4. cxd5 exd5 5. Nc3 Bb4 6. Bg5 h6 7. Bh4 c6 8. e3
g5 9. Bg3 Ne4 10. Rc1 Nxg3 11. hxg3 Bf5 12. Qb3 Bxc3+ 13. bxc3 Qb6 14. Nxg5 Qxb3
15. axb3 Ke7 16. Be2 Nd7 17. Nf3 a5 18. Kd2 a4 19. bxa4 Rxa4 20. Bd3 Bxd3 21.
Kxd3 c5 22. Ra1 c4+ 23. Ke2 b5 24. Rab1 Nf6 25. Nd2 Ra2 26. f3 Rg8 27. g4 h5 28.
Rxb5 hxg4 29. Rd1 gxf3+ 30. Kxf3 Rc2 31. Rb7+ Ke6 32. Rb6+ Kf5 33. e4+ Nxe4 34.
g4+ Rxg4 35. Nf1 Ng5+ 36. Ke3 Re4# {[%c_effect
f5;square;f5;type;Winner,e3;square;e3;type;CheckmateWhite]} 0-1

[Event "Pan-American Youth Championships 2024"]
[Site "?"]
[Date "2024.07.15"]
[Round "1"]
[White "Iker Villanueva Garcia"]
[Black "Rafael Palathingal"]
[Result "0-1"]
[WhiteElo "1431"]
[WhiteUrl ""]
[WhiteCountry "MX"]
[WhiteTitle ""]
[BlackElo "1843"]
[BlackUrl ""]
[BlackCountry "US"]
[BlackTitle ""]
[Termination ""]

1. e4 e5 2. Nf3 Nc6 3. d4 exd4 4. Nxd4 Nf6 5. Nc3 Bb4 6. Nxc6 bxc6 7. Bd3 d6 8.
O-O h6 9. a3 Ba5 10. b4 Bb6 11. Bf4 O-O 12. h3 Bd4 13. Qd2 Re8 14. Rfe1 a5 15.
bxa5 Rxa5 16. Kh1 Rc5 17. Na4 Rh5 18. Rab1 Bg4 19. Kg1 Bd7 20. c3 Be5 21. Bxe5
Rhxe5 22. f3 Ra5 23. Bc2 c5 24. Qd1 Qa8 0-1

[Event "Pan-American Youth Championships 2024"]
[Site "Chess.com"]
[Date "2024.07.16"]
[Round "02"]
[White "Palathingal, Rafael"]
[Black "Schaefer, Sasha Milo"]
[Result "1/2-1/2"]
[WhiteElo "1843"]
[BlackElo "1760"]
[TimeControl "5400+30"]
[WhiteUrl ""]
[WhiteCountry ""]
[WhiteTitle ""]
[BlackUrl ""]
[BlackCountry ""]
[BlackTitle ""]

1. d4 {[%clk 1:29:25]} 1... d5 {[%clk 1:30:58]} 2. c4 {[%clk 1:29:14]} 2... e6
{[%clk 1:31:27]} 3. Nc3 {[%clk 1:28:58]} 3... Nf6 {[%clk 1:31:54]} 4. Nf3 {[%clk
1:29:01]} 4... a6 {[%clk 1:32:21]} 5. cxd5 {[%clk 1:29:02] This is the main line
of the Janowski variation in the Queen's Gambit Declined.} 5... exd5 {[%clk
1:32:48]} 6. Bg5 {[%clk 1:29:10]} 6... Be6 {[%clk 1:33:15] This is part of
black's plan in the Janowski Variation.} 7. e3 {[%clk 1:29:28]} 7... Nbd7 {[%clk
1:33:11]} 8. Be2?! {[%clk 1:26:41][%c_effect
e2;square;e2;type;Inaccuracy;persistent;true] This move is slightly dubious, but
I didn't know that at the time, so I played it.} 8... Bd6 {[%clk 1:33:32]} 9.
O-O {[%clk 1:26:09]} 9... c6 {[%clk 1:30:12]} 10. e4 {[%clk 1:22:35] I spent 4
minutes on this bad move because I thought I was opening the position, but the
game ended in a draw 13 moves later because of my IQ} 10... dxe4 {[%clk
1:30:08]} 11. Nxe4 {[%clk 1:22:47]} 11... Be7 {[%clk 1:29:40]} 12. Nc3 {[%clk
1:22:15]} 12... O-O {[%clk 1:28:30]} 13. Qc2 {[%clk 1:18:24]} 13... Nb6 {[%clk
1:23:35]} 14. Rad1 {[%clk 1:17:20]} 14... Nfd5 {[%clk 1:22:31]} 15. Nxd5 {[%clk
1:16:07]} 15... Nxd5 {[%clk 1:22:16]} 16. Bxe7 {[%clk 1:16:10]} 16... Qxe7
{[%clk 1:21:49]} 17. a3 {[%clk 1:14:47]} 17... Bg4 {[%clk 1:15:55]} 18. Rfe1
{[%clk 1:11:08]} 18... Bxf3 {[%clk 1:15:04]} 19. Bxf3 {[%clk 1:10:52]} 19... Qd6
{[%clk 1:11:19]} 20. Qb3 {[%clk 1:07:25]} 20... b5 {[%clk 1:01:18]} 21. Bxd5
{[%clk 1:07:17]} 21... cxd5 {[%clk 0:58:08]} 22. Re5 {[%clk 1:01:15]} 22... Rfd8
{[%clk 0:55:28]} 23. g3 {[%clk 1:01:36][%c_effect
g8;square;g8;type;DrawBlack,g1;square;g1;type;DrawWhite]} 1/2-1/2

[Event "Pan-American Youth Championships 2024"]
[Site "?"]
[Date "2024.07.16"]
[Round "3"]
[White "Lawrence Zhang"]
[Black "Rafael Palathingal"]
[Result "1/2-1/2"]
[WhiteElo "1668"]
[BlackElo "1843"]
[BlackUrl ""]
[BlackCountry "US"]
[BlackTitle ""]

1. e4 e5 2. Nf3 Nc6 3. Bb5 a6 4. Ba4 Nf6 5. O-O b5 6. Bb3 Bc5 7. Re1 O-O 8. c3
d6 9. h3 h6 10. d4 Bb6 11. Bc2 Bb7 12. a3 a5 13. Be3 Re8 14. d5 Ne7 15. Bxb6
cxb6 16. Bd3 Qd7 17. Qe2 Ba6 18. a4 Nexd5 19. Bxb5 Bxb5 20. Qxb5 Qxb5 21. axb5
Nf4 22. c4 Nd3 23. Re2 Nf4 24. Re1 Rac8 25. Na3 Re6 26. Rad1 Nd7 27. Nh4 g6 28.
f3 Nc5 29. Re3 a4 30. Kh2 Nb3 31. g3 Nh5 32. Rc3 Nd4 33. Rd2 Kf8 34. Nc2 Nb3 35.
Rd1 Nf6 36. Ng2 Ke7 37. Nge3 Kd7 38. Kg2 h5 1/2-1/2

[Event "Pan-American Youth Championships 2024"]
[Site "?"]
[Date "2024.07.17"]
[Round "4"]
[White "Rafael Palathingal"]
[Black "Pablo Garcia Chan"]
[Result "1-0"]
[WhiteElo "1843"]
[WhiteUrl ""]
[WhiteCountry "US"]
[WhiteTitle ""]
[BlackElo "1680"]
[BlackUrl ""]
[BlackCountry "DO"]
[BlackTitle ""]
[Termination ""]

1. d4 d5 2. c4 e6 3. Nf3 Nf6 4. Nc3 c6 5. cxd5 exd5 6. Bg5 Bd6 7. e3 Bg4 8. h3
Bh5 9. Be2 h6 10. Bh4 g5 11. Bg3 Bxg3 12. fxg3 Qd6 13. Kf2 b5 14. a3 a5 15. g4
Bg6 16. Ne5 Nbd7 17. Nxg6 fxg6 18. Qc2 O-O-O 19. Nxb5 Ne4+ 20. Qxe4 Rhf8+ 21.
Kg1 cxb5 22. Qc2+ Kb7 23. Qb3 Qg3 24. Qxb5+ Nb6 25. Qa6+ Kc7 26. Qd3 Rf2 27.
Rc1+ Nc4 28. Rxc4+ Kd7 29. Rh2 dxc4 30. Qxc4 Qxe3 31. Qd5+ Ke7 32. Qc5+ Kf6 33.
Qe5+ Qxe5 34. dxe5+ Kxe5 35. Kxf2 Rd2 1-0

[Event "Pan-American Youth Championships 2024"]
[Site "?"]
[Date "2024.07.17"]
[Round "5"]
[White "Liam Liu"]
[Black "Rafael Palathingal"]
[Result "0-1"]
[WhiteElo "1828"]
[WhiteUrl ""]
[WhiteCountry "US"]
[WhiteTitle ""]
[BlackElo "1843"]
[BlackUrl ""]
[BlackCountry "US"]
[BlackTitle ""]
[Termination ""]

1. e4 e5 2. Nf3 Nc6 3. d4 exd4 4. Nxd4 Nf6 5. Nxc6 bxc6 6. e5 Qe7 7. Qe2 Nd5 8.
c4 Ba6 9. b3 g6 10. f4 Bg7 11. Qf2 Nb6 12. Ba3 d6 13. Bd3 Qd7 14. Nc3 dxe5 15.
O-O-O O-O-O 16. Bxg6 Qg4 17. Bc2 exf4 18. Ne4 Bh6 19. Kb1 Bg7 20. Nc5 Bb7 21.
Bb2 Bxb2 22. Kxb2 Rhg8 23. Be4 Rxd1 0-1

[Event "Pan-American Youth Championships 2024"]
[Site "Chess.com"]
[Date "2024.07.18"]
[Round "06"]
[White "Palathingal, Rafael"]
[Black "Mulay, Vivan Prakash"]
[Result "1/2-1/2"]
[WhiteElo "1843"]
[BlackElo "1777"]
[TimeControl "5400+30"]

1. d4 {[%clk 1:30:58]} 1... d5 {[%clk 1:31:00]} 2. c4 {[%clk 1:31:17]} 2... c6
{[%clk 1:31:29]} 3. Nf3 {[%clk 1:31:41]} 3... Nf6 {[%clk 1:31:59]} 4. Nc3 {[%clk
1:31:58]} 4... e6 {[%clk 1:32:29]} 5. cxd5 {[%clk 1:31:41]} 5... exd5 {[%clk
1:32:57]} 6. Bg5 {[%clk 1:31:03]} 6... Nbd7 {[%clk 1:32:43]} 7. e3 {[%clk
1:30:45]} 7... Be7 {[%clk 1:31:54]} 8. Be2 {[%clk 1:30:14]} 8... h6 {[%clk
1:30:43]} 9. Bh4 {[%clk 1:30:39]} 9... O-O {[%clk 1:30:01]} 10. O-O {[%clk
1:31:07]} 10... Re8 {[%clk 1:25:51]} 11. Qc2 {[%clk 1:29:32]} 11... Nf8 {[%clk
1:14:43]} 12. Rab1 {[%clk 1:27:13]} 12... Ng6 {[%clk 1:12:15]} 13. Bg3 {[%clk
1:27:13]} 13... a5 {[%clk 1:10:14]} 14. a4 {[%clk 1:26:19]} 14... Bd6 {[%clk
1:07:17]} 15. Bxd6 {[%clk 1:26:34]} 15... Qxd6 {[%clk 1:05:05]} 16. Bd3 {[%clk
1:26:21]} 16... Bg4 {[%clk 1:04:06]} 17. Bxg6 {[%clk 1:21:42]} 17... fxg6 {[%clk
0:59:08]} 18. Qxg6 {[%clk 1:20:26]} 18... Bxf3 {[%clk 0:54:16]} 19. gxf3 {[%clk
1:20:48]} 19... Re6 {[%clk 0:51:31]} 20. Qg3 {[%clk 1:20:30]} 20... Qe7 {[%clk
0:49:29]} 21. Kh1 {[%clk 1:20:13]} 21... Rf8 {[%clk 0:49:07]} 22. Rg1 {[%clk
1:18:03]} 22... Qf7 {[%clk 0:46:44]} 23. Qh3 {[%clk 1:16:48]} 23... Nh7 {[%clk
0:46:21]} 24. f4 {[%clk 1:16:35]} 24... Rg6 {[%clk 0:44:33]} 25. Rxg6 {[%clk
1:10:46]} 25... Qxg6 {[%clk 0:45:01]} 26. Rg1 {[%clk 1:10:40]} 26... Qc2 {[%clk
0:44:24]} 27. Qg4 {[%clk 1:05:24]} 27... Rf7 {[%clk 0:42:58]} 28. Qe2 {[%clk
1:05:35]} 28... Qf5 {[%clk 0:41:23]} 29. Qg4 {[%clk 1:05:38]} 29... Qc2 {[%clk
0:41:48]} 30. Qe2 {[%clk 1:06:03]} 30... Qf5 {[%clk 0:42:13]} 31. Qg4 {[%clk
1:03:23]} 31... Qc2 {[%clk 0:42:38]} 1/2-1/2

[Event "Pan-American Youth Championships 2024"]
[Site "Chess.com"]
[Date "2024.07.19"]
[Round "07"]
[White "Palathingal, Rafael"]
[Black "Jasinski, Alexander"]
[Result "1-0"]
[WhiteElo "1843"]
[BlackElo "2021"]
[TimeControl "5400+30"]
[WhiteUrl ""]
[WhiteCountry ""]
[WhiteTitle ""]
[BlackUrl ""]
[BlackCountry ""]
[BlackTitle ""]

1. d4 {[%clk 1:27:48]} 1... Nf6 {[%clk 1:30:51]} 2. Nf3 {[%clk 1:28:04]} 2... g6
{[%clk 1:31:13]} 3. c4 {[%clk 1:27:44]} 3... Bg7 {[%clk 1:31:26] This is the KID
(King's Indian Defense).} 4. Nc3 {[%clk 1:27:48]} 4... O-O {[%clk 1:31:38]} 5.
e4 {[%clk 1:28:11]} 5... d6 {[%clk 1:31:32]} 6. Be2 {[%clk 1:28:33]} 6... e5
{[%clk 1:31:35]} 7. d5 {[%clk 1:29:00]} 7... a5 {[%clk 1:31:04]} 8. O-O {[%clk
1:29:22]} 8... Ne8?! {[%clk 1:26:47][%c_effect
e8;square;e8;type;Inaccuracy;persistent;true] This is not a theoretical line, so
I had to figure out what to do move by move which wasn't that hard.} 9. Bg5
{[%clk 1:23:46]} 9... Qd7?! {[%clk 1:14:03][%c_effect
d7;square;d7;type;Inaccuracy;persistent;true] This dubious move allows a very
cool pawn sacrifice.} (9... f6 {This is the best move and here I would go} 10.
Be3 f5 11. Bg5 Qd7 12. exf5 gxf5 13. Nd2 {Now I will go f4 and give black a
protected passed pawn in return for better development.}) 10. c5! {[%clk
1:21:40][%c_effect c5;square;c5;type;GreatFind;persistent;true] The top move of
the engine with a +0.67 advantage and this is why.} 10... dxc5 {[%clk 1:00:09]}
11. Bb5 {[%clk 1:16:16]} 11... Qd6 {[%clk 0:46:59]} (11... c6! {[%c_effect
c6;square;c6;type;GreatFind;persistent;true] This move is the best move for two
reasons. First, it forces a queen trade if white wants to keep his advantage.
Second, it's pressurizing the important pawn on d5 making it easier to attack.
Here is the line that I had seen during the game.} 12. dxc6 bxc6 13. Qxd7 Bxd7
14. Bd3 {and white is bound to win one of black's pawns.} 14... Nc7 15. Be7 Re8
16. Bxc5 {[%c_highlight
c5;keyPressed;none;opacity;0.8;square;c5;persistent;false] With a very small
advantage.}) 12. Nd2 {[%clk 1:12:38]} 12... f6 {[%clk 0:43:24]} 13. Be3 {[%clk
1:12:43]} 13... Bd7? {[%clk 0:24:55][%c_effect
d7;square;d7;type;Mistake;persistent;true] See how quickly the evaluation
changes, 3 moves ago the evaluation was +0.40 and now it is +1.12 so the
evaluation has increased by 0.72 which shows how hard it is for even a 2000
player to play this position.} 14. Qb3! {[%clk 1:08:20][%c_effect
b3;square;b3;type;GreatFind;persistent;true] I'm bringing the queen and
constantly making threats (The threat as of now is Bxd7.) which gives the
opponent almost no time to consolidate  and win the game with his extra pawn.}
14... Bxb5 {[%clk 0:20:29]} 15. Nxb5 {[%clk 1:08:41]} 15... Qd7?! {[%clk
0:20:46][%c_effect d7;square;d7;type;Inaccuracy;persistent;true] Critical
moment! Find the top computer move (I found the 2nd best move and got only a
+0.57 advantage, but if I found the top computer move, I would have a +1.62
advantage.} 16. Bxc5 {[%clk 1:06:00]} (16. a4 {The pawn on c5 isn't that
important anyway.} 16... Na6 17. f4 b6 18. Nc4 exf4 19. Bxf4 Qf7 20. Rad1 Rd8
21. Bg5 {[%cal dg5f6][%c_arrow
g5f6;keyPressed;none;from;g5;opacity;0.8;to;f6;persistent;false][%c_highlight
f6;keyPressed;none;opacity;0.8;square;f6;persistent;false,e4;keyPressed;none;opacity;0.8;square;e4;persistent;false,d5;keyPressed;none;opacity;0.8;square;d5;persistent;false,c4;keyPressed;none;opacity;0.8;square;c4;persistent;false,b5;keyPressed;none;opacity;0.8;square;b5;persistent;false]
With a dominating position.}) 16... Nd6 {[%clk 0:21:05]} (16... a4 17. Qc4 Nd6
18. Nxd6 cxd6 19. Be3 Na6 {[%c_highlight
a6;keyPressed;none;opacity;0.8;square;a6;persistent;false] Black can probably
survive this position because white's advantage is only +0.58.}) 17. Nxd6 {[%clk
1:02:19]} 17... cxd6 {[%clk 0:21:17]} 18. Be3 {[%clk 1:02:15]} 18... b5 {[%clk
0:18:41]} 19. Rac1 {[%clk 1:00:28]} 19... Na6 {[%clk 0:14:30]} 20. Rc6 {[%clk
0:59:12]} 20... Nb4 {[%clk 0:12:54] Critical Moment! Find the top two computer
moves which give an advantage of +2.64 and 2.35. (I found the fifth computer
move which gave me only a +1.50 advantage.)} 21. Rcc1?! {[%clk
0:59:24][%c_effect c1;square;c1;type;Inaccuracy;persistent;true] Now the
evaluation is +1.51} (21. a3 {This is the top move.} 21... Nxc6 22. dxc6+ Qf7
23. Qxb5 {[%c_highlight
b5;keyPressed;none;opacity;0.8;square;b5;persistent;false,c6;keyPressed;none;opacity;0.8;square;c6;persistent;false,g4;keyPressed;none;opacity;0.8;square;g4;persistent;false][%cal
dg5g4][%c_arrow g5g4;keyPressed;none;from;g5;opacity;0.8;to;g4;persistent;false]
White is much better due to the passed c6 pawn and the extra space for his
pieces.} 23... f5 24. Nc4) (21. Rfc1 {This is the second best move. Also an
exchange sacrifice!} 21... Rfb8 (21... Nxc6 22. dxc6+ Qf7 23. Qxb5 f5 24. Nc4 f4
25. Bb6 {White has a huge advantage of +3.63 here.}) 22. a3 Na6 23. Bb6 Bh6 24.
R1c2 f5 25. exf5 Qxf5 26. Nf1 a4 27. Qxb5 Nc5 28. Qc4 Qd3 29. Rxd6 Qxc4 30. Rxc4
Nd3 31. Rdc6 {[%c_highlight
c6;keyPressed;none;opacity;0.8;square;c6;persistent;false] +2.97}) 21... Na6?!
{[%clk 0:12:47][%c_effect a6;square;a6;type;Inaccuracy;persistent;true] For some
reason he thinks I will take a draw in this position that is obviously better
for me.} 22. a3 {[%clk 0:58:17]} 22... Rfc8 {[%clk 0:12:25]} (22... a4 {This is
obviously the best move because now white can't attack the b5 pawn and black
takes some space.} 23. Qd3 Rfc8 {White is slightly better, but not enough to
convert.}) 23. Rc6 {[%clk 0:54:31]} 23... a4? {[%clk 0:11:16][%c_effect
a4;square;a4;type;Mistake;persistent;true] This is obviously bad.} (23... Rcb8
{and black still has a chance to survive.}) 24. Qxb5 {[%clk 0:53:03]} 24... Rcb8
{[%clk 0:10:59]} 25. Qc4 {[%clk 0:48:44]} 25... Nc5 {[%clk 0:09:44]} 26. Bxc5
{[%clk 0:47:47]} 26... dxc5 {[%clk 0:09:47]} 27. Qxc5 {[%clk 0:46:19]} 27...
Rxb2 {[%clk 0:10:05]} 28. Nc4 {[%clk 0:45:03]} 28... Bf8 {[%clk 0:10:01]} 29.
Qe3? {[%clk 0:44:26][%c_effect e3;square;e3;type;Mistake;persistent;true] Better
was} (29. d6 {I totally forgot I could play this crushing move.}) 29... Rb3
{[%clk 0:10:10]} 30. Qe2 {[%clk 0:44:22]} 30... Bxa3 {[%clk 0:08:23]} 31. Nb6
{[%clk 0:44:06]} 31... Rxb6 {[%clk 0:08:44]} 32. Rxb6 {[%clk 0:44:23]} 32... Bc5
{[%clk 0:09:05]} 33. Rc6 {[%clk 0:44:06]} 33... Bd4 {[%clk 0:09:17]} 34. Ra6
{[%clk 0:42:50]} 34... Rb8 {[%clk 0:05:45]} 35. Qc4 {[%clk 0:42:43]} 35... Qg4
{[%clk 0:05:19]} 36. d6+ {[%clk 0:41:26]} 36... Kh8 {[%clk 0:05:22]} 37. Qc7
{[%clk 0:41:36]} 37... Bxf2+ {[%clk 0:04:29]} 38. Kh1! {[%clk 0:41:13][%c_effect
h1;square;h1;type;GreatFind;persistent;true] This is the only move to win the
game.} (38. Rxf2? {[%c_effect f2;square;f2;type;Mistake;persistent;true] Be
careful, you just blundered perpetual.} 38... Rb1+ 39. Rf1 Rxf1+ 40. Kxf1 Qd1+
41. Kf2 Qd2+ 42. Kf3 Qd3+ 43. Kf2 Qd2+ 44. Kg3 Qe3+ 45. Kh4 Qg5+ 46. Kh3 Qe3+
47. g3 Qh6+ 48. Kg2 Qd2+ 49. Kf1 Qd1+ 50. Kf2 Qd2+ 51. Kf1 Qd1+ 52. Kf2 Qd2+
{1/2-1/2}) 38... Rc8 {[%clk 0:04:18]} 39. d7! {[%clk 0:41:00][%c_effect
d7;square;d7;type;GreatFind;persistent;true] This is a very stylish approach to
winning the game.} 39... Rxc7 {[%clk 0:04:21]} 40. d8=Q+ {[%clk 0:41:17]} 40...
Kg7 {[%clk 0:04:45]} 41. Qxc7+ {[%clk 0:41:40]} 41... Kh6 {[%clk 0:05:13]} 42.
Qc1+ {[%clk 0:41:33]} 42... g5 {[%clk 0:05:38]} 43. Rxf2 {[%clk 0:41:29]} 43...
a3 {[%clk 0:06:05]} 44. Raxf6+ {[%clk 0:41:32]} 44... Kh5 {[%clk 0:06:32]} 45.
h3 {[%clk 0:41:55]} 45... Qxg2+ {[%clk 0:06:56]} 46. Kxg2 {[%clk 0:42:06]} 46...
a2 {[%clk 0:07:25]} 47. Qd1+ {[%clk 0:42:31]} 47... g4 {[%clk 0:07:52]} 48.
Qxg4# {[%clk 0:42:56][%c_effect
g2;square;g2;type;Winner,h5;square;h5;type;CheckmateBlack] This was a nice win
against the top seed in my section.} 1-0